Southville International School and Colleges
Your cart is empty.
  • Cart
  • Lists
    Public lists Eva Luna New books Lux_list list_1
    Your lists Log in to create your own lists
  • Log in to your account
  • Your cookies
  • Search history
Southville International School and Colleges
  • Advanced search
  • Recent comments
  • Most popular
  • Libraries

Log in to your account

Log in with GOOGLE


If you do not have an external account, but do have a local account, you can still log in:

  1. Home
  2. MARC view: Organisational psychology :
Normal view MARC view ISBD view

Organisational psychology : (Record no. 366769)

[ view plain ]
MARC details
000 -LEADER
fixed length control field 00914nam a22001937a 4500
003 - CONTROL NUMBER IDENTIFIER
control field 0
005 - DATE AND TIME OF LATEST TRANSACTION
control field 20241119135949.0
008 - FIXED-LENGTH DATA ELEMENTS--GENERAL INFORMATION
fixed length control field 241119b xxu||||| |||| 00| 0 eng d
020 ## - INTERNATIONAL STANDARD BOOK NUMBER
International Standard Book Number 9781032286365
050 ## - LIBRARY OF CONGRESS CALL NUMBER
Classification number HF 5548.8
Item number .Or74 2024
245 ## - TITLE STATEMENT
Title Organisational psychology :
Remainder of title an essential guide /
Statement of responsibility, etc dited by Julia Yates, Lara Zibarras and Lynsey Mahmood.
260 ## - PUBLICATION, DISTRIBUTION, ETC. (IMPRINT)
Place of publication, distribution, etc New York, NY :
Name of publisher, distributor, etc Routledge,
Date of publication, distribution, etc c2024.
300 ## - PHYSICAL DESCRIPTION
Extent xv, 250 p. ;
Dimensions 25 cm.
504 ## - BIBLIOGRAPHY, ETC. NOTE
Bibliography, etc Includes bibliographical references and index.
520 ## - SUMMARY, ETC.
Summary, etc "Organisational Psychology offers an accessible, engaging and practical introduction to this fascinating discipline. It explores the latest thinking, reveals surprising truths about the way we work, and explains how to craft a successful and fulfilling career in the field"--Provided by publisher.
650 ## - SUBJECT ADDED ENTRY--TOPICAL TERM
Topical term or geographic name as entry element Psychology, Industrial.
650 ## - SUBJECT ADDED ENTRY--TOPICAL TERM
Topical term or geographic name as entry element Organizational behavior.
942 ## - ADDED ENTRY ELEMENTS (KOHA)
Source of classification or shelving scheme Library of Congress Classification
Koha item type Books
Holdings
Withdrawn status Lost status Source of classification or shelving scheme Damaged status Home library Current library Shelving location Date acquired Source of acquisition Sub Shelving location Total Checkouts Full call number Barcode Date last seen Price effective from Koha item type
    Library of Congress Classification   College Library College Library Reserve Section 11/19/2024 Library Fund     HF 5548.8 .Or74 2024 C24012 11/19/2024 11/19/2024 Books

Organisational psychology :

APA

(2024). Organisational psychology. New York, NY: Routledge.

Chicago

2024. Organisational psychology. New York, NY: Routledge.

Harvard

(2024). Organisational psychology. New York, NY: Routledge.

MLA

Organisational psychology. New York, NY: Routledge. 2024.

  • Place hold
  • Print
  • Cite
  • Add to your cart (remove)
  • Save record
    BIBTEX Dublin Core MARCXML MARC (non-Unicode/MARC-8) MARC (Unicode/UTF-8) MARC (Unicode/UTF-8, Standard) MODS (XML) RIS
  • More searches
    Search for this title in:
    Other Libraries (WorldCat) Other Databases (Google Scholar) Online Stores (Bookfinder.com) Open Library (openlibrary.org)

Exporting to Dublin Core...

SOUTHVILLE LIBRARY

Southville International School and Colleges Library

1281 Tropical Ave. Cor. Luxembourg St., BF Homes International, Las Pinas City

Tel. No. 8256374 / 252358 Loc. 117/146

Powered by Koha